Comércio de frutas (Registro n. 300852)
[ somente texto ]
| 000 -LÍDER | |
|---|---|
| fixed length control field | 00932nab a2200289 4500 |
| 003 - CÓDIGO MARC DA AGÊNCIA CATALOGADORA | |
| Campo de controle | BR-BrBNA |
| 005 - DATA E HORA DA ÚLTIMA ATUALIZAÇÃO | |
| Campo de controle | 20240815100109.0 |
| 008 - CAMPO DE TAMANHO FIXO | |
| fixed length control field | 240812b bl.||||| |||| 00| 0 por d |
| 040 ## - FONTE DA CATALOGAÇÃO | |
| Agência catalogadora | BR-BrBNA |
| Idioma da catalogação | por |
| 072 ## - CATEGORIA AGRIS | |
| Código AGRIS | D50 ; Q03 ; E71 |
| 100 ## - ENTRADA PRINCIPAL - NOME PESSOAL | |
| Nome pessoal | Gazzoni, Décio Luiz |
| 245 ## - TÍTULO PRINCIPAL | |
| Título principal | Comércio de frutas |
| 500 ## - NOTA GERAL | |
| Nota geral | 1 illus. |
| 942 ## - ADDED ENTRY ELEMENTS (KOHA) | |
| Koha item type | |
| 650 ## - ASSUNTO - THESAGRO | |
| Cabeçalho tópico ou nome geográfico | FRUTA |
| 650 ## - ASSUNTO - THESAGRO | |
| Cabeçalho tópico ou nome geográfico | COMÉRCIO EXTERIOR |
| 650 ## - ASSUNTO - THESAGRO | |
| Cabeçalho tópico ou nome geográfico | HIGIENE DE ALIMENTO |
| 650 ## - ASSUNTO - THESAGRO | |
| Cabeçalho tópico ou nome geográfico | QUALIDADE DO ALIMENTO |
| 650 ## - ASSUNTO - THESAGRO | |
| Cabeçalho tópico ou nome geográfico | RESÍDUO QUÍMICO |
| 650 ## - ASSUNTO - THESAGRO | |
| Cabeçalho tópico ou nome geográfico | ANÁLISE FÍSICA |
| 650 ## - ASSUNTO - THESAGRO | |
| Cabeçalho tópico ou nome geográfico | ANÁLISE QUÍMICA |
| 650 ## - ASSUNTO - THESAGRO | |
| Cabeçalho tópico ou nome geográfico | ANÁLISE BIOLÓGICA |
| 650 ## - ASSUNTO - THESAGRO | |
| Cabeçalho tópico ou nome geográfico | MÉTODO DE ANÁLISE |
| 650 ## - ASSUNTO - THESAGRO | |
| Cabeçalho tópico ou nome geográfico | REGULAMENTAÇÃO |
| 773 0# - ENTRADA ANALÍTICA | |
| Host Biblionumber | 4604 |
| Registro do item | 317181 |
| Imprenta | Palmas - Tocantins Terranova Gráfica e Editora Jornalística Ltda 2005 |
| Outro identificador | 2024-3805 |
| Título | Cerrado Rural Agronegócios (Brazil) |
| ISSN | 1980-2595 |
| Colação | v. 3(10) p. 43; (Sep 2005) |
| Número de controle de registro | BR2024002421 |
Nenhum exemplar disponível.

BINAGRI